000
00209nam a2200085Ia 4500
245
0
_a
Refuge
100
_a
WHITE, Gillian London, 2003
_9
95687
942
_c
BK
008
210817s9999 xx 000 0 und d
999
_c
399085
_d
399084